000
00353nam a2200133Ia 4500
008
231129s9999||||xx |||||||||||||| ||spa||
020
_a
84-252-1146-8
040
_b
spa
082
_a
709.08031 G241r
100
_a
Garriga Joaquin
245
0
_a
Renacimiento en Europa
264
_a
Gustavo Gili
942
_2
ddc
_c
BKS
999
_c
23971
_d
23971